| 000 | 00490cam a22001217a 4500 | ||
|---|---|---|---|
| 008 | 180718b1965162+p. xxu||||| |||| 00| 0 eng d | ||
| 082 | _aT215x54 In2r | ||
| 245 |
_aRepot of the working group on oil prices _cby Ministry of Petroleum and Chemicals, Department of Petroleum, India |
||
| 260 |
_a _bDepartment of Petroleum _c1965162+p. |
||
| 500 | _aChairman : J.N.Talukar | ||
| 700 | _aTalukar, J.N.(chairman) | ||
| 700 | _aIndia. Department of Petroleum. Ministry of Petroleum and Chemicals | ||
| 999 |
_c497394 _d497394 |
||